Score 0/39 Timer 06:00
1 Play Today
% Correct
Germany
96.7%
Germany
96.7%
France
96.3%
Germany
95.2%
France
94.7%
Germany
94.7%
France
94.5%
Switzerland
93.6%
United Kingdom
91.8%
United Kingdom
91.4%
Spain
90%
Russia
88.4%
United States
87.5%
Austria
87.1%
India
85.7%
Indonesia
83.6%
Iceland
83.4%
Iceland (Reykjavik)
83.4%
Ireland
80.3%
Iran
78.6%
% Correct
Iraq
78.2%
Turkey
73.1%
Turkey
73.1%
Liechtenstein
66.8%
Hungary
66.3%
Slovenia
64.5%
Canada
63.8%
Japan
63%
Norway
59.2%
Israel
57%
Paraguay
55%
Uruguay
54.8%
Monaco
54.8%
Latvia (Riga)
44.1%
Vatican City
34.8%
Saudi Arabia (Riyadh)
34.3%
Morocco (Rabat)
30.1%
Palestine (Ramallah)
16.1%
Dominica (Roseau)
15.3%
Remove Ads.
Support Sporcle.
Get the best of Sporcle when you Go Orange. This ad-free experience offers more features, more stats, and more fun while also helping to support Sporcle. Thank you for becoming a member.

You're not logged in!

Compare scores with friends on all Sporcle quizzes.
OR
Log In

Show Comments

Extras

Top Quizzes Today


Score Distribution

Your Account Isn't Verified!

In order to create a playlist on Sporcle, you need to verify the email address you used during registration. Go to your Sporcle Settings to finish the process.

Report this User

Report this user for behavior that violates our Community Guidelines.

Details: